| 000 | 00444nam a2200157 a 4500 | ||
|---|---|---|---|
| 001 | 5564 | ||
| 003 | CDMR | ||
| 005 | 20151022114802.0 | ||
| 008 | 130130s1991||||||||||||||||||||||||||||d | ||
| 040 |
_aCDMR _bcat _cCPC GIRONA |
||
| 245 | 0 |
_aSocietat catalana de comunicació _b: història i directori |
|
| 260 |
_c1991 _bInstitut d'Estudis Catalans _aBarcelona |
||
| 300 | _a75 p. | ||
| 610 | 2 |
_994 _aSocietat Catalana de Comunicació |
|
| 942 |
_cMON _2udc |
||
| 999 |
_c5564 _d5564 |
||